| 000 | 01144nam a2200265Ia 4500 | ||
|---|---|---|---|
| 003 | GCL | ||
| 008 | 140319s9999 xx 000 0 ara d | ||
| 040 |
_aGCL / _cGCL |
||
| 082 | 0 | 4 |
_a382 _bر ا |
| 100 | 1 | _aرعد حسن الصرن | |
| 245 | 1 | 0 |
_aاساسيات التجارة الدولية المعاصرة من الميزة المطلقة الى العولمة والحرية والرفاهة الاقتصادية / _cرعد حسن الصرن |
| 250 | _aالاولى | ||
| 260 |
_aسوريا : _bدار الرضا للمعلومات ، _c2000 |
||
| 300 |
_aمتعدد ؛ _c24 سم |
||
| 490 |
_aسلسلة الرضا للمعلومات _v0 |
||
| 650 | 0 | 4 | _aالشعراء العرب |
| 650 | 0 | 4 | _aالشعر العربى - تاريخ ونقد |
| 650 | 0 | 4 | _aالعلاقات الاقتصادية الدولية |
| 650 | 0 | 4 | _aالتجارة الخارجية |
| 650 | 0 | 4 | _aصلاح عبدالصبور |
| 650 | 0 | 4 | _aالشعر العربى - العصر الحديث |
| 650 | 0 | 4 | _aمنظمة التجارة العالمية |
| 650 | 0 | 4 | _aالتجارة الخارجية - الاتفاقيات التجارية |
| 942 |
_2ddc _cBK |
||
| 999 |
_c39953 _d39953 |
||